Music Quiz

Random Music or Bands Quiz

Name the Anime Song Band/Singer Quiz Stats

 Plays Quiz not verified by Sporcle

Challenge
Share
Tweet
Score 0/60 Timer 15:00
0 Plays Today
% Correct
LiSA
77.3%
FLOW
61.3%
ClariS
53.4%
GARNiDELiA
50.9%
Goose house
48.5%
MAN WITH A MISSION
47.2%
Eir Aoi
40.5%
Linked Horizon
39.9%
fhana
38%
Kalafina
36.2%
GRANRODEO
34.4%
nano
30.1%
YUI
25.8%
UVERworld
25.2%
Maaya Sakamoto
24.5%
fripSide
24.5%
Porno Graffitti
23.9%
Konomi Suzuki
22.7%
Kenshi Yonezu
22.7%
UNISON SQUARE GARDEN
21.5%
Aimer
20.9%
Asian Kung-Fu Generation
20.2%
SID
19%
ling tosite sigure
19%
MYTH & ROID
18.4%
Akino Kawamitsu
18.4%
Minori Chihara
17.8%
BRADIO
17.8%
KANA-BOON
17.8%
ZAQ
17.2%
% Correct
SPYAIR
17.2%
Miho Karasawa
16%
Radwimps
16%
OLDCODEX
14.1%
Mei Nakabayashi
14.1%
Yanagi Nagi
13.5%
Kanako Itou
12.9%
Sukima Switch
12.3%
SawanoHiroyuki[nZk]
12.3%
Lia
11.7%
Shiena Nishizawa
11%
Ikimono-gakari
11%
nano.RIPE
9.8%
BACK-ON
9.2%
Mami Kawada
9.2%
ROOKiEZ is PUNK'D
8.6%
Fear, and Loathing in Las Vegas
8.6%
ChouCho
8.6%
SCREEN mode
8.6%
Machico
8%
Bump of Chicken
8%
Seven Oops
7.4%
sweet ARMS
7.4%
Kishida Kyoudan & The Akeboshi Rockets
6.7%
Yuki Kuramochi
5.5%
Swimy
4.9%
NICO Touches the Walls
3.7%
flumpool
3.1%
Miku Sawai
1.8%
BURNOUT SYNDROMES
1.8%

You're not logged in!

Compare scores with friends on all Sporcle quizzes.
OR
Log In

You Might Also Like...

Show Comments

Extras

Top Quizzes Today


Score Distribution

Your Account Isn't Verified!

In order to create a playlist on Sporcle, you need to verify the email address you used during registration. Go to your Sporcle Settings to finish the process.

Report this User

Report this user for behavior that violates our Community Guidelines.

Details: